| 000 | 00353 a2200157 4500 | ||
|---|---|---|---|
| 001 | 49383 | ||
| 020 | _a8506035945 | ||
| 040 | _cAnchieta - Bela Vista | ||
| 240 | 1 | 0 |
_aFábulas de felicidade _lpor |
| 245 | 1 | 0 | _aFábulas de felicidade |
| 300 | _a31 | ||
| 362 | 0 | _a2002 | |
| 440 | 1 | _aMelhoramentos | |
| 650 | 4 | _aLiteratura infanto-juvenil | |
| 942 | _cBK | ||
| 999 |
_c49383 _d49383 |
||